000 00735nam a2200229Ia 4500
003 GCL
008 140319s9999 xx 000 0 ara d
040 _aGCL /
_cGCL
082 0 4 _a370.1931
_bف ت
100 1 _aفؤاد بسيونى متولى
245 1 0 _aالتربية والمشكلة الاقتصادية /
_cفؤاد بسيونى متولى
260 _a[S.N] :
_bدار المعرفة الجامعية ،
_c1990
300 _a142 ص
490 _aالمكتبة التربوية
_v0
650 0 4 _aالمجتمع
650 0 4 _aالتربية
650 0 4 _aالمدرسة والمجتمع
650 0 4 _aعلم النفس التربوى
650 0 4 _aالتدريس
650 0 4 _aالمدرسون
942 _2ddc
_cBK
999 _c27714
_d27714